[Event "Wch U12"]
[Site "Batumi"]
[Date "2022.09.26"]
[Round "10"]
[White "Dotzer, Lukas"]
[Black "Grooten, Tommy"]
[Result "1-0"]
[WhiteElo "2245"]
[BlackElo "1862"]
[PlyCount "97"]
[EventDate "2022.09.16"]
[EventType "swiss"]
[EventRounds "11"]
[EventCountry "GEO"]
[SourceTitle "EXT 2023"]
[Source "ChessBase"]
[SourceDate "2022.10.05"]
[SourceVersion "1"]
[SourceVersionDate "2022.10.05"]
[SourceQuality "1"]

1. e4 c5 2. Nf3 e6 3. d4 cxd4 4. Nxd4 a6 5. c4 Nf6 6. Nc3 Qc7 7. a3 b6 8. Be3 Bb7 9. f3 Be7 10. Be2 0-0 11. Rc1 d6 12. 0-0 Nbd7 13. Qd2 Rac8 14. b4 Qb8 15. Rfd1 h5 16. Qe1 Bd8 17. Qg3 Bc7 18. Bf4 Rfd8 19. b5 a5 20. Nc6 Bxc6 21. bxc6 Ne5 22. Bg5 Ng6 23. f4 h4 24. Qh3 Nh7 25. Bxd8 Bxd8 26. Qe3 Rxc6 27. Nb5 e5 28. g3 hxg3 29. hxg3 exf4 30. gxf4 Be7 31. Nd4 Rc8 32. Bh5 Ngf8 33. Nf5 Bf6 34. Nxd6 Rc6 35. Bxf7+ Kh8 36. e5 Be7 37. Ne4 Qc8 38. Qf3 Rh6 39. Bh5 Ng6 40. Bxg6 Rxg6+ 41. Kf2 Bc5+ 42. Nxc5 Qxc5+ 43. Ke2 Rh6 44. Rh1 Rxh1 45. Qa8+ Nf8 46. Rxh1+ Kg8 47. Qd5+ Qxd5 48. cxd5 Kf7 49. Rb1 1-0

[Event "Eindhoven WLC op 12th"]
[Site "Eindhoven"]
[Date "2022.05.14"]
[Round "2"]
[White "Grooten, Tommy"]
[Black "Van de Put, Jeroen"]
[Result "1-0"]
[WhiteElo "1847"]
[BlackElo "1987"]
[PlyCount "67"]
[EventDate "2022.05.13"]
[EventType "swiss"]
[EventRounds "6"]
[EventCountry "NED"]
[SourceTitle "CBM 208 Extra"]
[Source "ChessBase"]
[SourceDate "2022.07.31"]
[SourceVersion "1"]
[SourceVersionDate "2022.07.31"]
[SourceQuality "1"]

1. e4 c5 2. Nf3 d6 3. d4 cxd4 4. Nxd4 Nf6 5. Nc3 e6 6. Be3 Nc6 7. f3 Be7 8. Qd2 0-0 9. 0-0-0 d5 10. Qf2 Bb4 11. Nce2 Qa5 12. Kb1 dxe4 13. Nb3 Qc7 14. Ng3 exf3 15. gxf3 Nd5 16. Rxd5 exd5 17. Rg1 Kh8 18. Bd3 Bd6 19. Nh5 g6 20. Qh4 Be5 21. f4 Qe7 22. Rg5 Bg7 23. Bc5 Qd8 24. a3 Re8 25. Qg3 Bh6 26. Qh4 f5 27. Nd4 Bxg5 28. fxg5 gxh5 29. Qxh5 Re1+ 30. Ka2 Qe8 31. Qh6 Qf7 32. Nxc6 bxc6 33. g6 Re6 34. gxf7 1-0

[Event "Vlissingen HZ op 23rd"]
[Site "Vlissingen"]
[Date "2019.08.04"]
[Round "2"]
[White "Grooten, Tommy"]
[Black "Merbis, Max"]
[Result "0-1"]
[WhiteElo "1590"]
[BlackElo "2103"]
[PlyCount "44"]
[EventDate "2019.08.03"]
[EventType "swiss"]
[EventRounds "9"]
[EventCountry "NED"]
[SourceTitle "CBM 191 Extra"]
[Source "ChessBase"]
[SourceDate "2019.09.30"]
[SourceVersion "1"]
[SourceVersionDate "2019.09.30"]
[SourceQuality "1"]

1. e4 e5 2. Nf3 Nc6 3. Bc4 Nf6 4. d3 Be7 5. c3 0-0 6. Nbd2 d5 7. exd5 Nxd5 8. Ne4 Bg4 9. h3 Bh5 10. Be3 Na5 11. Bxd5 Qxd5 12. c4 Bxf3 13. gxf3 Qd7 14. Qd2 b6 15. Bg5 f6 16. Be3 f5 17. Bh6 fxe4 18. Bxg7 Kxg7 19. Rg1+ Kh8 20. Qc3 Qxd3 21. Qxe5+ Bf6 22. Qxc7 exf3 0-1